Vida y muerte de un clown / (Record no. 101831)

MARC details
000 -LEADER
campo de control de longitud fija 00823nam a2200241 i 4500
001 - NÚMERO DE CONTROL
campo de control 101831
003 - IDENTIFICADOR DE NÚMERO DE CONTROL
campo de control ES-MaACL
005 - FECHA Y HORA DE LA ÚLTIMA TRANSACCIÓN
campo de control 20230906183005.0
007 - CAMPO FIJO DE DESCRIPCIÓN FÍSICA--INFORMACIÓN GENERAL
campo de control de longitud fija t|
008 - DATOS DE LONGITUD FIJA--INFORMACIÓN GENERAL
campo de control de longitud fija 051026q1911 sp ||||1| spa d
100 1# - ENTRADA PRINCIPAL--NOMBRE DE PERSONA
Nombre de persona Mendès, Catulle.
9 (RLIN) 80102
245 10 - MENCIÓN DEL TÍTULO
Título Vida y muerte de un clown /
Mención de responsabilidad, etc. Catulle Mendès; traducción de Juan Alfonso Valdés.
260 ## - PUBLICACIÓN, DISTRIBUCIÓN, ETC.
Lugar de publicación, distribución, etc. Madrid :
Nombre del editor, distribuidor, etc. Ricardo Rojas,
Fecha de publicación, distribución, etc. [1911?]
300 ## - DESCRIPCIÓN FÍSICA
Extensión 2 v. ;
Dimensiones 16 cm.
490 1# - MENCIÓN DE SERIE
Mención de serie Obras de autores celebres ;
Designación de volumen o secuencia XIII y XIV
505 8# - NOTA DE CONTENIDO CON FORMATO
Nota de contenido con formato Contiene: I.-- La virtud en la deshonra. II.-- La pequeña emperatriz
700 1# - ENTRADA AGREGADA--NOMBRE PERSONAL
Nombre de persona Valdés, Juan Alfonso.
9 (RLIN) 112509
740 3# - ENTRADA AGREGADA--TÍTULO RELACIONADO/ANALÍTICO NO CONTROLADO
Título relacionado o analítico no controlado La virtud en la deshonra.
740 3# - ENTRADA AGREGADA--TÍTULO RELACIONADO/ANALÍTICO NO CONTROLADO
Título relacionado o analítico no controlado La pequeña emperatriz.
830 0# - PUNTO DE ACCESO ADICIONAL DE SERIE-TÍTULO UNIFORME
Título uniforme Obras de autores celebres ;
Designación de volumen o secuencia XIII y XIV
9 (RLIN) 232502
852 ## - LOCALIZACIÓN
Ubicación ES-MaACL
Número de control de estantería D-2738-39
Holdings
Estatus retirado Estado de pérdida Estado de daño No para préstamo Biblioteca de origen Biblioteca actual Ubicación en estantería Fecha de adquisición Fuente de adquisición Total de préstamos Signatura topográfica completa Código de barras Visto por última vez Precio de reemplazo Tipo de ítem Koha
        Biblioteca del Ateneo de Madrid Biblioteca del Ateneo de Madrid Sala Valle Inclán 17/01/2008     D-2738-39 901106308 23/02/2023 23/02/2023 Libro impreso